000 00593 a2200205 4500
001 12929
020 _a9788574062778
041 _apor
082 _a028.5
250 _a. ed.
697 _aAnimais em extinção.
697 _aLiteratura infanto-juvenil
856 _u000031/0000314e.jpg
040 _aBR-BrIDEA
_cBR-BrIDEA
090 _aP Year 3 028
_bPRO
245 1 0 _aProcura-se!
_bgaleria de animais ameaçados de extinção
_c Isabel Jorge(coordenação) Cury
260 _aSão Paulo
_bCompanhia das Letrinhas
_c2007
700 _aCury, Isabel Jorge
_e(coordenação)
942 _cBK
999 _c12929
_d12929